Szczegóły MARC21

Podstawy organizacji i zarządzania : podejścia i koncepcje badawcze /

003 -Nazwa inst., której nr kontr. jest w polu 001 [,]
    • @
    • Nazwa instytucji, której n kontrolny jest w polu 001
    • NUKAT
005 -DATA I CZAS OSTATNIEJ MODYFIKACJI [,]
    • @
    • pole kontrolne
    • 20241231092604.0
020 -Międzynarod. znormalizowany nr książki - ISBN [ , ]
    • a
    • Numer ISBN
    • 9788372527677 Find
040 -Instytucja sporządzająca opis [ , ]
    • a
    • Instytucja, która sporządziła opis (NP)
    • KR 7/MN
    • b
    • Język katalogowania
    • pol
    • e
    • Zasady katalogowania
    • rda
    • c
    • Instytucja, która sporządziła rekord (NP)
    • KR 7/MNs
    • d
    • Instytucja, która zmodyfikowała rekord (P)
    • KR 7/AK
942 -Rodzaj dokumentu [ , ]
    • c
    • Rodzaj dokumentu
    • Książka
245 -Strefa tytułu i oznaczenia odpowiedzialności [0,0]
    • a
    • Tytuł
    • Podstawy organizacji i zarządzania : Find
    • b
    • Ciąg dalszy tytułu (NP)
    • podejścia i koncepcje badawcze / Find
    • c
    • Pozostałe elementy strefy tytułu i oznaczenia odpowiedzialności (NP)
    • pod redakcją Adama Stabryły ; autorzy Beata Barczak [ i 21 pozostałych].
250 -Strefa wydania [ , ]
    • a
    • Oznaczenie wydania (NP)
    • Wydanie II uzupełnione.
260 -Strefa adresu wydawniczego [ , ]
    • a
    • Miejsce wydania (P)
    • Kraków :
    • b
    • Nazwa wydawcy (P)
    • Wydawnictwo Uniwersytetu Ekonomicznego,
    • c
    • Data wydania (P)
    • 2018.
300 -Strefa opisu fizycznego [ , ]
    • a
    • Określenie formy książki i/lub objętość (NP)
    • 523 strony, [2] karty tablic złożonych :
    • b
    • Oznaczenie ilustracji (NP)
    • ilustracje ;
    • c
    • Format (NP)
    • 23 cm.
336 -Typ zawartości [ , ]
    • a
    • Termin opisujący typ zawartości
    • Tekst
    • b
    • Kod określający zawartość
    • txt
    • 2
    • Źródło (terminu i kodu)
    • rdacontent
337 -Typ mediów [ , ]
    • a
    • Tryb odtwarzania
    • Bez urządzenia pośredniczącego
    • b
    • Kod typu mediów
    • n
    • 2
    • Źródło (terminu i kodu)
    • rdamedia
338 -Typ/rodzaj nośnika [ , ]
    • a
    • Hasło opisujące typ nośnika
    • Wolumin
    • b
    • Kod typu nośnika
    • nc
    • 2
    • Źródło (terminu i kodu)
    • rdacarrier
504 -Uwaga dot. bibliogr. załącznikowej [ , ]
    • a
    • Uwaga dot. bibliografii załącznikowej
    • Bibliografia na stronach 488-513. Indeks.
521 -Uwaga dot. przeznaczenia czytelniczego [8, ]
    • a
    • Uwaga dot. przeznaczenia czytelniczego
    • Podręcznik akademicki, przeznaczony dla słuchaczy studiów stacjonarnych i niestacjonarnych wszystkich kierunków uczelni ekonomicznych, technicznych i uniwersytetów, na których jest przedmiot podstawy zarządzania.
650 -Hasło przedmiotowe [ ,7]
    • a
    • Hasło przedmiotowe
    • Organizacja
    • v
    • Określnik formalny
    • podręczniki akademickie.
    • 2
    • Źródło terminu
    • kaba
    • 9
    • KHW
    • 349373
650 -Hasło przedmiotowe [ ,7]
    • a
    • Hasło przedmiotowe
    • Zarządzanie
    • v
    • Określnik formalny
    • podręczniki akademickie.
    • 2
    • Źródło terminu
    • kaba
    • 9
    • KHW
    • 352190
700 -Hasło dodatkowe - nazwa osobowa [1, ]
    • a
    • Nazwa osobowa (NP)
    • Stabryła, Adam Find
    • d
    • Daty biograficzne (NP)
    • (1942- ).
    • e
    • Określenie rodzaju współpracy
    • Redakcja
    • e
    • Określenie rodzaju współpracy
    • Autor
    • 9
    • KHW
    • 51370
700 -Hasło dodatkowe - nazwa osobowa [1, ]
    • a
    • Nazwa osobowa (NP)
    • Barczak, Beata. Find
    • e
    • Określenie rodzaju współpracy
    • Autor
    • 9
    • KHW
    • 39916
710 -Hasło dodatkowe - nazwa ciała zbiorowego [2, ]
    • a
    • Nazwa ciała zbiorowego lub nazwa geograficzna jako pierwszy element (NP)
    • Uniwersytet Ekonomiczny (Kraków).
    • b
    • Nazwa jednostki podrzędnej (P)
    • Wydawnictwo.
    • e
    • Rodzaj współpracy
    • Wydawca
    • 4
    • Kod relacji
    • pbl
    • 9
    • KHW
    • 59892
920 -ISBN [ , ]
    • a
    • ISBN
    • 978-83-7252-767-7 Find
Data inwentaryzacji Lokalizacja Status udost. Numer inwentarzowy Sygnatura
2019-01-18BE-2E.78823 
2019-01-16T-2T.20596T.20596